[Event "IND AICF-ch blind 18th"]
[Site "Odisha"]
[Date "2025.04.03"]
[Round "3"]
[White "Aakash, Vadlakonda"]
[Black "Kartik, Damle"]
[Result "1/2-1/2"]
[WhiteElo "1488"]
[BlackElo "1605"]
[PlyCount "62"]
[EventDate "2025.04.02"]
[EventType "swiss"]
[EventRounds "9"]
[EventCountry "IND"]
[SourceTitle "CB15_2025"]
[SourceDate "2025.04.09"]
[SourceVersion "1"]
[SourceVersionDate "2025.04.09"]
[SourceQuality "1"]

1. e4 c5 2. c3 d5 3. exd5 Qxd5 4. d4 Nc6 5. Nf3 Nf6 6. Be2 e6 7. 0-0 Be7 8. h3 0-0 9. Be3 cxd4 10. cxd4 Rd8 11. Nc3 Qa5 12. Qb3 a6 13. Rac1 Qb4 14. Qxb4 Nxb4 15. a3 Nbd5 16. Bg5 h6 17. Nxd5 Nxd5 18. Bxe7 Nxe7 19. Rfd1 Nd5 20. Ne5 f6 21. Nc4 Bd7 22. Bf3 Bc6 23. Bxd5 exd5 24. Na5 Rac8 25. Nxc6 Rxc6 26. Rxc6 bxc6 27. Rc1 Rc8 28. Rc5 Kf7 29. Kf1 Ke6 30. Ra5 Ra8 31. Ke2 Kd6 1/2-1/2